Every City in Georgia on a Map - Statistics

General Stats
  • This quiz has been taken 2,753 times
  • The average score is 41 of 537
Answers on the Map
Answers color-coded by a green-red scale on the quiz's map according to % correct below.
 
Answer Stats
City Population % Correct
Atlanta 520,070
99%
Savannah 148,808
82%
Athens 128,691
66%
Augusta 201,737
64%
Macon 157,056
61%
Columbus 201,830
51%
Jackson 5,867
39%
Washington 3,623
37%
Marietta 63,122
36%
Rome 38,747
36%
Jefferson 16,459
34%
Springfield 3,223
34%
Valdosta 55,667
33%
Albany 66,705
30%
Alpharetta 67,275
30%
Madison 5,131
27%
Decatur 24,482
26%
Monroe 16,270
26%
Sandy Springs 105,505
26%
Brunswick 15,520
24%
Warner Robins 86,199
24%
Gainesville 47,712
23%
Roswell 92,227
23%
Dalton 34,970
21%
Jacksonville 104
21%
Kennesaw 37,740
21%
Peachtree City 40,758
20%
Smyrna 57,177
20%
Fayetteville 20,419
19%
South Fulton 112,003
19%
Dublin 16,233
18%
Duluth 33,157
18%
Franklin 980
18%
Greenville 819
18%
Lawrenceville 31,877
18%
Statesboro 35,226
18%
Douglas 11,828
17%
Johns Creek 81,167
17%
Cartersville 25,082
16%
Dallas 15,062
16%
Manchester 3,624
16%
Stone Mountain 6,552
16%
Cleveland 3,583
15%
Cumming 10,175
15%
Dunwoody 51,795
15%
Georgetown 2,323
15%
Newnan 45,548
15%
Buford 18,642
14%
Greensboro 3,573
14%
Hamilton 1,799
14%
Helen 630
14%
LaFayette 7,028
14%
Tifton 17,385
14%
Cairo 10,057
13%
Canton 38,049
13%
Carrollton 28,306
13%
College Park 13,953
13%
Covington 15,302
13%
Douglasville 40,540
13%
Hinesville 36,583
13%
Jonesboro 6,084
13%
LaGrange 33,564
13%
Milledgeville 16,664
13%
Norcross 18,902
13%
Oxford 2,310
13%
St. Marys 20,119
13%
Thomasville 18,604
13%
Auburn 10,094
12%
Berlin 528
12%
Brookhaven 59,370
12%
Buckhead 203
12%
Calhoun 19,592
12%
Dahlonega 7,830
12%
Dawson 4,180
12%
East Point 38,270
12%
Harrison 324
12%
Louisville 2,223
12%
McDonough 32,803
12%
Milton 41,490
12%
Perry 24,792
12%
Tybee Island 3,139
12%
Waycross 13,671
12%
White 633
12%
Woodstock 39,381
12%
Acworth 22,624
11%
Americus 15,742
11%
Blue Ridge 1,246
11%
Boston 1,235
11%
Clayton 2,090
11%
Conyers 20,111
11%
Hampton 9,201
11%
Millen 2,980
11%
Nashville 4,950
11%
Newton 560
11%
Peachtree Corners 42,638
11%
Plains 525
11%
Pooler 31,171
11%
Suwanee 23,062
11%
Tucker 37,224
11%
Vidalia 10,853
11%
Winder 20,628
11%
Chamblee 32,321
10%
Forsyth 4,895
10%
Gray 3,541
10%
Griffin 23,994
10%
Leesburg 3,574
10%
Mableton 78,314
10%
Snellville 22,336
10%
Trenton 2,205
10%
Union City 28,195
10%
Arlington 1,137
9%
Bainbridge 14,586
9%
Chester 1,479
9%
Dawsonville 4,875
9%
Ellijay 1,923
9%
Jasper 5,289
9%
Jesup 10,235
9%
Kingsland 20,789
9%
Kingston 1,100
9%
Lexington 217
9%
Lilburn 16,210
9%
Loganville 16,862
9%
Martin 348
9%
Milan 608
9%
Powder Springs 19,632
9%
Sparta 1,316
9%
Stockbridge 35,893
9%
Stonecrest 61,015
9%
Austell 8,244
8%
Buchanan 956
8%
Clarkston 14,416
8%
Concord 415
8%
Cordele 9,767
8%
Doraville 12,436
8%
Fairburn 17,267
8%
Morgan 1,826
8%
Moultrie 14,756
8%
Pitts 244
8%
Richmond Hill 19,839
8%
Riverdale 14,586
8%
Thomaston 9,850
8%
Toccoa 9,389
8%
Vienna 2,914
8%
Villa Rica 20,095
8%
Waynesboro 5,555
8%
Adairsville 5,029
7%
Adel 5,752
7%
Allentown 190
7%
Andersonville 237
7%
Ball Ground 3,311
7%
Braselton 17,390
7%
Bremen 7,647
7%
Carl 229
7%
Cedartown 10,313
7%
Commerce 8,803
7%
Crawford 898
7%
Dacula 8,018
7%
Darien 1,747
7%
Fitzgerald 8,813
7%
Flowery Branch 12,292
7%
Folkston 4,701
7%
Forest Park 19,301
7%
Garfield 250
7%
Hapeville 6,712
7%
Jeffersonville 926
7%
Lakeland 3,032
7%
Lithonia 2,581
7%
Oglethorpe 957
7%
Ringgold 3,425
7%
Smithville 621
7%
Sugar Hill 28,598
7%
Summerville 4,421
7%
Watkinsville 3,897
7%
Webster County 2,315
7%
Alma 3,362
6%
Alto 1,011
6%
Avondale Estates 3,526
6%
Barnesville 6,343
6%
Baxley 4,943
6%
Blackshear 3,658
6%
Blairsville 849
6%
Blakely 5,142
6%
Butler 1,827
6%
Byron 6,305
6%
Camilla 5,029
6%
Centerville 9,021
6%
Chatsworth 4,943
6%
Chickamauga 3,014
6%
Cochran 4,836
6%
Collins 542
6%
Colquitt 1,936
6%
Eastman 5,513
6%
Eatonton 6,641
6%
Elberton 4,760
6%
Emerson 2,192
6%
Fort Oglethorpe 10,614
6%
Fort Valley 9,023
6%
Garden City 10,536
6%
Grayson 5,252
6%
Grovetown 17,843
6%
Hartwell 4,701
6%
Hawkinsville 4,854
6%
Hiram 5,520
6%
Holly Springs 20,133
6%
Homer 1,810
6%
Locust Grove 11,749
6%
Lookout Mountain 1,657
6%
Lovejoy 12,612
6%
Lyons 4,253
6%
Metter 4,021
6%
Monticello 2,969
6%
Morrow 6,262
6%
Mount Vernon 1,838
6%
Palmetto 5,213
6%
Pembroke 2,744
6%
Quitman 4,061
6%
Richland 1,449
6%
Rincon 11,701
6%
Senoia 6,101
6%
Social Circle 5,415
6%
Swainsboro 7,556
6%
Sylvester 5,413
6%
Temple 6,406
6%
Thomson 6,792
6%
Turin 590
6%
Tyrone 8,038
6%
West Point 3,602
6%
Abbeville 2,845
5%
Alamo 2,818
5%
Ashburn 4,239
5%
Baldwin 4,217
5%
Bethlehem 793
5%
Bogart 1,343
5%
Brooks 584
5%
Buena Vista 1,586
5%
Carlton 308
5%
Chattahoochee Hills 3,451
5%
Clarkesville 2,159
5%
Claxton 2,543
5%
Coolidge 544
5%
Cornelia 5,371
5%
Cusseta 8,548
5%
Cuthbert 2,912
5%
Danielsville 868
5%
Demorest 2,189
5%
Denton 191
5%
Dillard 337
5%
Donalsonville 2,864
5%
Edison 1,157
5%
Fargo 263
5%
Gay 116
5%
Gibson 644
5%
Glennville 5,104
5%
Gordon 1,720
5%
Grantville 3,281
5%
Guyton 3,059
5%
Hahira 3,559
5%
Harlem 4,076
5%
Hazlehurst 4,124
5%
Hiawassee 1,046
5%
Homerville 2,357
5%
Hoschton 6,723
5%
Jersey 154
5%
Lake City 2,889
5%
Lake Park 1,558
5%
Lavonia 2,165
5%
Lincolnton 1,431
5%
Ludowici 1,802
5%
Lumpkin 944
5%
Mansfield 494
5%
Midway 2,358
5%
Montezuma 2,903
5%
Mountain Park 574
5%
Nelson 1,171
5%
Nicholls 2,909
5%
Oakwood 6,759
5%
Ocilla 2,917
5%
Oconee 183
5%
Patterson 777
5%
Pelham 3,385
5%
Port Wentworth 14,865
5%
Reynolds 895
5%
Rockmart 5,284
5%
Rossville 3,942
5%
Sandersville 5,500
5%
Statham 3,247
5%
Sylvania 2,655
5%
Tallapoosa 3,164
5%
Taylorsville 265
5%
Tiger 430
5%
Trion 1,972
5%
Unadilla 3,200
5%
Warm Springs 445
5%
Warrenton 1,887
5%
Williamson 747
5%
Woodbine 1,054
5%
Wrightsville 3,543
5%
Zebulon 1,330
5%
Adrian 557
4%
Ailey 527
4%
Alapaha 493
4%
Arabi 455
4%
Aragon 1,503
4%
Arcade 2,021
4%
Baconton 845
4%
Bartow 178
4%
Berkeley Lake 2,030
4%
Between 475
4%
Bishop 349
4%
Bloomingdale 3,100
4%
Bluffton 117
4%
Blythe 793
4%
Bowdon 2,238
4%
Brooklet 2,063
4%
Carnesville 771
4%
Cave Spring 1,215
4%
Climax 269
4%
Cobbtown 339
4%
Cohutta 848
4%
Colbert 676
4%
Comer 1,626
4%
Crawfordville 495
4%
Damascus 203
4%
Danville 160
4%
Davisboro 1,946
4%
De Soto 120
4%
Dexter 675
4%
Dudley 596
4%
East Dublin 2,507
4%
East Ellijay 1,625
4%
Echols County 3,698
4%
Ellaville 1,513
4%
Euharlee 4,139
4%
Flemington 870
4%
Fort Gaines 978
4%
Geneva 72
4%
Graham 269
4%
Hoboken 505
4%
Hogansville 3,222
4%
Homeland 907
4%
Hull 241
4%
Irwinton 538
4%
Leary 497
4%
Lenox 746
4%
Lula 3,043
4%
Luthersville 838
4%
Marshallville 983
4%
Maysville 2,240
4%
McCaysville 1,165
4%
McIntyre 555
4%
McRae-Helena 5,186
4%
Menlo 484
4%
Midville 381
4%
Milner 807
4%
Mitchell 160
4%
Moreland 389
4%
Mountain City 964
4%
Mount Zion 2,054
4%
Nahunta 1,036
4%
Nicholson 1,918
4%
Oak Park 512
4%
Odum 495
4%
Oliver 223
4%
Omega 1,324
4%
Pavo 603
4%
Pearson 1,898
4%
Pendergrass 1,856
4%
Pinehurst 305
4%
Pine Lake 752
4%
Pine Mountain 1,288
4%
Pineview 469
4%
Porterdale 1,941
4%
Pulaski 209
4%
Ray City 1,045
4%
Reidsville 2,555
4%
Resaca 1,137
4%
Riceboro 663
4%
Roberta 792
4%
Rochelle 1,155
4%
Royston 2,665
4%
Santa Claus 206
4%
Screven 821
4%
Sharpsburg 326
4%
Shiloh 429
4%
Sky Valley 491
4%
Soperton 2,933
4%
Sparks 2,068
4%
Sumner 433
4%
Talbotton 738
4%
Tallulah Falls 210
4%
Thunderbolt 2,536
4%
Tunnel Hill 986
4%
Twin City 1,767
4%
Ty Ty 644
4%
Varnell 2,289
4%
Waco 592
4%
Wadley 1,576
4%
Waleska 978
4%
Walnut Grove 1,649
4%
Walthourville 3,945
4%
Warwick 491
4%
Willacoochee 1,258
4%
Winterville 1,196
4%
Woodbury 863
4%
Woodland 303
4%
Wrens 2,099
4%
Young Harris 799
4%
Aldora 189
3%
Allenhurst 868
3%
Alston 175
3%
Ambrose 343
3%
Argyle 193
3%
Arnoldsville 469
3%
Attapulgus 446
3%
Avalon 242
3%
Avera 214
3%
Barwick 361
3%
Bellville 125
3%
Bostwick 400
3%
Bowersville 427
3%
Bowman 865
3%
Braswell 368
3%
Brinson 216
3%
Bronwood 311
3%
Broxton 1,076
3%
Byromville 346
3%
Cadwell 421
3%
Camak 131
3%
Canon 705
3%
Cecil 285
3%
Centralhatchee 363
3%
Chauncey 286
3%
Clermont 1,141
3%
Culloden 205
3%
Daisy 157
3%
Dasher 939
3%
Dearing 535
3%
Deepstep 112
3%
Doerun 729
3%
Dooling 67
3%
Du Pont 134
3%
Edge Hill 26
3%
Ellenton 219
3%
Enigma 1,112
3%
Ephesus 496
3%
Eton 851
3%
Fairmount 766
3%
Flovilla 700
3%
Franklin Springs 1,181
3%
Funston 421
3%
Gillsville 406
3%
Girard 184
3%
Glenwood 817
3%
Good Hope 395
3%
Gumbranch 258
3%
Hagan 952
3%
Haralson 198
3%
Hephzibah 3,827
3%
Higgston 309
3%
Hiltonia 322
3%
Ideal 393
3%
Ila 384
3%
Iron City 313
3%
Ivey 1,009
3%
Jakin 132
3%
Jenkinsburg 419
3%
Junction City 140
3%
Keysville 317
3%
Kite 159
3%
Leslie 337
3%
Lilly 130
3%
Lone Oak 118
3%
Lumber City 966
3%
Lyerly 463
3%
Manassas 61
3%
Meansville 285
3%
Meigs 944
3%
Molena 421
3%
Montrose 209
3%
Morganton 294
3%
Morven 506
3%
Mount Airy 1,493
3%
Newborn 752
3%
Newington 299
3%
Norman Park 1,001
3%
North High Shoals 561
3%
Norwood 195
3%
Nunez 134
3%
Ochlocknee 681
3%
Offerman 467
3%
Orchard Hill 231
3%
Parrott 108
3%
Plainville 357
3%
Portal 678
3%
Poulan 724
3%
Rayle 157
3%
Rebecca 206
3%
Register 166
3%
Remerton 1,298
3%
Rentz 316
3%
Rest Haven 43
3%
Rhine 287
3%
Rocky Ford 168
3%
Roopville 244
3%
Rutledge 929
3%
Sale City 351
3%
Sardis 1,007
3%
Sasser 270
3%
Scotland 174
3%
Shady Dale 296
3%
Sharon 108
3%
Shellman 822
3%
Siloam 190
3%
Stapleton 397
3%
Stillmore 447
3%
Summertown 119
3%
Surrency 198
3%
Sycamore 743
3%
Talking Rock 111
3%
Talmo 290
3%
Tarrytown 63
3%
Tennille 1,846
3%
Tignall 498
3%
Toomsboro 376
3%
Union Point 1,830
3%
Uvalda 433
3%
Vernonburg 140
3%
Vidette 103
3%
Waverly Hall 664
3%
Whigham 388
3%
White Plains 276
3%
Whitesburg 630
3%
Woodville 305
3%
Woolsey 209
3%
Yatesville 509
3%
Maxeys 219
2%
Riddleville 79
2%
No matching quizzes found
Score Distribution
Percent of People with Each Score
Percentile by Number Answered
Your Score History
You have not taken this quiz